villes jumelées a Marseille - Statistiques

Statistiques générales
  • Ce quiz a été pris 7 fois
  • Le résultat moyen est 7 sur 12
Statistiques - réponses
Pays Annee Réponse % Correct
Senegal 1968 Dakar
83%
Israel 1958 Haïfa
83%
Ukraine 1972 Odessa
83%
Belgique 1958 Anvers
67%
Danemark 1958 Copenhague
67%
Allemagne 1958 Hambourg
67%
Japon 1961 Kobe
67%
Chine 1987 Shanghaï
67%
Maroc 2004 Marrakech
50%
Italie 1958 Gênes
33%
Grece 1984 Le Pirée
33%
Cote d'ivoire 1958 Abidjan
17%
Aucun quiz correspondant
Distribution des résultats
% des personnes avec chaque résultat
Percentile par nombre de réponses
Votre historique - résultats
Vous n’avez pas pris ce quiz